000 00808nmm a2200265 a 4500
001 ocm000601600
003 TR-IsHL
005 20201028135815.0
008 131209s2012 tu tur
007 cr cn
020 _a9786054503476
035 _a601600
_b(N$T)
050 0 4 _aBF175.5
_b.T45 2012
090 0 4 _aBF175.5
_b.T45 2012
100 1 _aTekin, Nuray
245 1 0 _aTanrı'nın B planı: (Düş kayıtları)
_h[electronic resource] /
_cNuray Tekin
260 _aİstanbul :
_bArunas Yayıncılık,
_c2012
300 _a156 p.
650 4 _aDil ve Edebiyat
650 4 _aLanguage and Literature
650 0 _aDüşler
650 0 _aDreams
650 7 _aSELF-HELP / Dreams
_2bisacsh
856 4 0 _uhttp://search.ebscohost.com/login.aspx?direct=true&scope=site&db=e011xww&AN=601600
999 _c6944
_d6944